| 000 | 00632nam a22001937a 4500 | ||
|---|---|---|---|
| 999 |
_c190577 _d190577 |
||
| 005 | 20220728112404.0 | ||
| 010 | _aENG-134070 | ||
| 020 |
_a9789351438304 _c750.00 |
||
| 035 | _aEN-117602 | ||
| 037 | _bDBAD/PUB | ||
| 082 | _a343.0524568 | ||
| 100 | _aSuresh, TG | ||
| 245 |
_aCapital Gains Tax: _bLaw and practice/ _cTG Suresh |
||
| 250 | _a2nd Edition | ||
| 260 |
_aGurgaon _bLexis Nexis _c2016 |
||
| 270 |
_a14th Floor, Building No. 10, Tower-B, DLF Cyber City, Phase-II _bGurgaon _e122002 _mhelp.in@lexisnexis.com _k01244774444 |
||
| 300 |
_a450 p. _c25cm (pbk) _bIndex |
||
| 942 |
_2ddc _cEN _h343.0524568 _mSUR |
||